01882nom a2200277 a 4500001001900000003000400019005001700023008004100040035002500081040002400106043003000130245025600160260003500416300004900451500007300500500004800573500009600621520056700717650006801284650005701352700002901409700003101438700002601469711004901495740006001544991029864099706706OSt20211227140707.0071113s1998 spc||| | 0 cat|c a(ES-BaCBU).b67169715 aES-BaCBUbcatcCDMR ae-sp---be-spc--2catmarc00a1976-1998 : història de la TV infantil a Catalunyah[Recurs electrònic] /cFestival Internacional de T.V. de Catalunya ; idea i coordinació Gabriel Bosch Martorell ; producció i textos: Raül del Bosque Gómez ; guió: Mario Chaparro Rubio. a[Barcelona? :b[s.n.],c1998?] a1 disc òptic (CD-ROM) :bso, col.;c12 cm. aA la superfície del disc: Observatori Europeu de la T.V. Infantil. aTítol obtingut de la pantalla de títol. aTítol a la superfície del disc: Història de la T.V. infantil a Catalunya (1976-1998).8 aEl document recull i fa una crítica breu dels programes infantils emesos a Catalunya durant el període comprés entre 1976 i 1998 per les emissores de televisió TVE, TV3 i Canal+. També recull les dades bàsiques i els treballs més destacats de les productores i creadors i creadores de dibuixos animats i material infantil de Catalunya. Finalment el document fa un recorregut històric al llarg de l'evolució dels materials televisius adreçats exclusivament a un públic infantil, fent èmfasi en les aspectes polítics d'aquesta evolució. 7aTelevisióxProgrames infantilszCatalunyaxHistòria.2lemac 7aTelevisió i infantszCatalunyaxHistòria.2lemac aBosch Martorell, Gabriel aBosque Gómez, Raül del aChaparro Rubio, Mario2 aFestival Internacional de T.V. de Barcelona.0 aHistòria de la T.V. infantil a Catalunya (1976-1998).